000 00735nam a2200229Ia 4500
001 17995
003 GE_BSU
008 181216s||||||||xx |||||||||||||| ||und||
040 _cGE_BSU
080 _a821.353.1-1
100 _aნარიმანიძე, სილოვან
245 _aმზის სიახლოვეს
245 _bლექსები
245 _cრედ. ზ. მალაშხია. მხატვ. კ. თევზაძე
260 _aთბილისი
260 _bსაბჭ. საქართველო
260 _c1980
300 _a229გვ. ; 17სმ
653 _aლექსები
653 _aმზის სიახლოვეს
942 _cBK
999 _c51038
_d51038